Intangible assets : Valuation and economic benefit

में बचाया:
ग्रंथसूची विवरण
मुख्य लेखक:  Cohen, Jeffrey A.
स्वरूप: Sách
भाषा:Undetermined
प्रकाशित:  Wiley  2005
विषय:
टैग : टैग जोड़ें
कोई टैग नहीं, इस रिकॉर्ड को टैग करने वाले पहले व्यक्ति बनें!
Thư viện lưu trữ: Trung tâm Thư viện - Trường Đại học Công nghiệp TP. Hồ Chí Minh
LEADER 00495nam a2200157Ia 4500
001 UIH_07306
008 231011s9999 xx 000 0 und d
082 |a  658.15 
100 |a  Cohen, Jeffrey A. 
245 0 |a  Intangible assets : Valuation and economic benefit 
245 0 |c  Cohen, Jeffrey A. 
260 |b  Wiley 
260 |c  2005 
650 |a  Quản lý tài chính;  
927 |a Sách 
980 |a Trung tâm Thư viện - Trường Đại học Công nghiệp TP. Hồ Chí Minh